| 000 | 00405nam a2200157Ia 4500 | ||
|---|---|---|---|
| 008 | 160316s2011 xxu||||| |||| 00| 0 eng d | ||
| 082 |
_a347.090000 _bBOR |
||
| 100 | _aBorn Gary | ||
| 245 | _aInternational arbitration : Cases and materials | ||
| 250 | _a | ||
| 260 |
_aBoston _bWolter Kluwer _c2011 |
||
| 300 |
_a1263p _b _cxli |
||
| 365 | _bRs. 895 Vols | ||
| 650 | _a1. Arbitration Law | ||
| 700 |
_a _a |
||
| 999 |
_c28141 _d28141 |
||